Studio Ghibli Films by Picture - Statistics

General Stats
  • This quiz has been taken 81 times
  • The average score is 15 of 22
Answer Stats
Picture Answer % Correct
Howl's Moving Castle (2004)
97%
Kiki's Delivery Service (1989)
92%
My Neighbor Totoro (1988)
92%
Ponyo (2008)
91%
Spirited Away (2001)
88%
The Boy and the Heron (2023)
88%
Porco Rosso (1992)
76%
Princess Mononoke (1997)
74%
The Cat Returns (2002)
74%
The Wind Rises (2013)
73%
Castle in the Sky (1986)
68%
Grave of the Fireflies (1988)
65%
Arrietty (2010)
61%
When Marnie Was There (2014)
56%
From Up on Poppy Hill (2011)
53%
Pom Poko (1994)
50%
Whisper of the Heart (1995)
50%
My Neighbors the Yamadas (1999)
48%
The Tale of the Princess Kaguya (2013)
47%
The Red Turtle (2016)
45%
Tales from Earthsea (2006)
35%
Only Yesterday (1991)
33%
No matching quizzes found
Score Distribution
Percent of People with Each Score
Percentile by Number Answered
Your Score History
You have not taken this quiz